00361nam a2200145Ia 4500003000900000005001700009008004100026040001300067040001300080100001600093245006000109260003200169300000800201490000600209IT-RoPAU20220918175356.0120407s9999 xx 000 0 und d aIT-RoPAU cIT-RoPAU aSanti Pesce aE' possibile la visione beatifica di un'anima viatrice? aL'Addolorata - La Mericiana c cm v1